Harry potter y el cáliz de fuego /

Guardado en:
Autor Principal: Rowling, J. K.
Formato: Libro
Publicado: Barcelona : Salamandra, 2018
Edición:8a. ed.
Materias:
Etiquetas: Agregar Etiqueta
Sin Etiquetas, Sea el primero en etiquetar este registro!
LEADER 00737nam a22002535a 4500
001 CEM.cems010651
005 20181107111552.0
008 130507s2018##################000#0#####d
003 CEMS
020 |a 9788498386622 
082 0 4 |a 823.9 
100 1 |a Rowling, J. K. 
245 1 0 |a Harry potter y el cáliz de fuego /  |c J. K. Rowling 
250 |a 8a. ed. 
260 |a Barcelona :  |b Salamandra,  |c 2018 
300 |a 667 p. 
653 |a Literatura 
653 |a Literatura inglesa 
653 |a Novelas 
653 |a Novela juvenil 
653 |a Literatura juvenil 
653 |a Novela inglesa 
859 |a CEMS  |b BIB. CEMS - 11 de abril  |h 823.9  |i R795-3a8  |p 21238.01  |t Ej.1 
859 |a CEMS  |b BIB. CEMS - 11 de abril  |h 823.9  |i R795-3a8  |p 21239.01  |t Ej.2